Desde el Andamio 42 Órgano de Difusión de la Gran logia del Ecuador (Registro nro. 2017)

Detalles MARC
000 -LEADER
fixed length control field 01794nam a22002417a 4500
003 - CONTROL NUMBER IDENTIFIER
control field OSt
005 - DATE AND TIME OF LATEST TRANSACTION
control field 20260521102904.0
008 - FIXED-LENGTH DATA ELEMENTS--GENERAL INFORMATION
fixed length control field 260225b |||||||| |||| 00| 0 spa d
020 ## - INTERNATIONAL STANDARD BOOK NUMBER
International Standard Book Number 978-9942-7265-8-2
082 ## - DEWEY DECIMAL CLASSIFICATION NUMBER
Edition number 978-9942-7265-8-2
100 ## - MAIN ENTRY--PERSONAL NAME
Personal name Cisneros Abedrabbo, Gabriel
245 ## - TITLE STATEMENT
Title Desde el Andamio 42 Órgano de Difusión de la Gran logia del Ecuador
250 ## - EDITION STATEMENT
Edition statement 1ra Edición
260 ## - PUBLICATION, DISTRIBUTION, ETC.
Place of publication, distribution, etc. Ecuador
Name of publisher, distributor, etc. Editorial Pedagógica Freire
Date of publication, distribution, etc. 2024-11-26
300 ## - PHYSICAL DESCRIPTION
Other physical details 160 pag.
Dimensions 21x29cm.
490 ## - SERIES STATEMENT
Materials specified Tapa blanda o rústica
520 ## - SUMMARY, ETC.
Summary, etc. "En agosto de 1975 se constituyó la Serenísima Gran Logia Nacional del Ecuador, en esta se vio la necesidad de tener un espacio para la construcción de contenidos y para di-fundir el trabajo de sus obreros. Así nació la Revista Masónica del Ecuador. Hace cuarenta y cinco años, en noviembre de 1979, se constituyó la Gran Logia Equinoccial del Ecuador. En 1980, los Grandes Maestros de estas potencias, Geovany Pantaleone y Pablo Guerrero Torres, en un acto de profunda generosidad, pusieron a disposición sus cargos para unir a la masonería quítense en una Gran Logia Equinoccial del Ecuador fortalecida en el mallete dorado de Ricardo López Pinto.<br/><br/>...Han pasado 49 años de ese primer número, estamos próximos a conmemorar el cincuentenario de la revista y muchos de los relatos de la época no han perdido vigencia. Así, es necesario que la masonería global trabaje más en la fraternidad, que se entienda que la regularidad de origen debe estar siempre conectada a la regularidad de los trabajos, y que más allá de los reconocimientos, está el servicio a los demás...
650 ## - SUBJECT ADDED ENTRY--TOPICAL TERM
Topical term or geographic name entry element Simbolismo
650 ## - SUBJECT ADDED ENTRY--TOPICAL TERM
Topical term or geographic name entry element Templo Social
650 ## - SUBJECT ADDED ENTRY--TOPICAL TERM
Topical term or geographic name entry element Carranza
700 ## - ADDED ENTRY--PERSONAL NAME
Personal name Gabriel (Director del equipo editorial)
942 ## - ADDED ENTRY ELEMENTS (KOHA)
Source of classification or shelving scheme Dewey Decimal Classification
Koha item type Libros
Suppress in OPAC No
Existencias
Withdrawn status Lost status Source of classification or shelving scheme Damaged status Not for loan Collection Home library Current library Shelving location Date acquired Coded location qualifier Inventory number Total checkouts Full call number Barcode Date last seen Copy number Price effective from Koha item type
    Dewey Decimal Classification     Estantería F Fila 2 Biblioteca Stanford Biblioteca Stanford Biblioteca Abierta 11.02.2026 0447 0447   LECTURA BIBLIO0447 25.02.2026 1 25.02.2026 Libros
Bienvenido a nuestra Biblioteca